[Event "HUN-chT2 Erkel 2324"]
[Site "Hunagry"]
[Date "2024.03.10"]
[Round "6.6"]
[White "Imecs, Laszlo"]
[Black "Vajda, Albert I"]
[Result "1-0"]
[WhiteElo "2070"]
[BlackElo "2073"]
[PlyCount "47"]
[EventDate "2023.10.08"]
[EventType "team-tourn"]
[EventRounds "9"]
[EventCountry "HUN"]
[SourceTitle "EXT 2025"]
[Source "ChessBase"]
[SourceDate "2024.10.14"]
[SourceVersion "1"]
[SourceVersionDate "2024.10.14"]
[SourceQuality "1"]
[WhiteTeam "Vac"]
[BlackTeam "Egri Bolyky"]
[WhiteTeamCountry "HUN"]
[BlackTeamCountry "HUN"]

1. e4 e5 2. f4 d5 3. exd5 c6 4. Nf3 exf4 5. d4 Bd6 6. dxc6 Nxc6 7. Bc4 Nge7 8. Nc3 0-0 9. Ne4 Nf5 10. 0-0 Bc7 11. c3 Nh4 12. Nfg5 f3 13. Nxf7 Bxh2+ 14. Kxh2 Qc7+ 15. Nfd6+ Kh8 16. g3 Qd7 17. Nxc8 Raxc8 18. Ng5 Qg4 19. Be6 Qh5 20. g4 Qe8 21. Qd3 g6 22. Kg3 h6 23. Bxc8 Ne5 24. Qe3 1-0

[Event "HUN-chT2 Erkel 2324"]
[Site "Hunagry"]
[Date "2023.10.08"]
[Round "1.7"]
[White "Nadasi, Balazs"]
[Black "Imecs, Laszlo"]
[Result "1-0"]
[WhiteElo "2100"]
[BlackElo "2072"]
[PlyCount "63"]
[EventDate "2023.10.08"]
[EventType "team-tourn"]
[EventRounds "9"]
[EventCountry "HUN"]
[SourceTitle "EXT 2025"]
[Source "ChessBase"]
[SourceDate "2024.10.14"]
[SourceVersion "1"]
[SourceVersionDate "2024.10.14"]
[SourceQuality "1"]
[WhiteTeam "EUTender Sinus"]
[BlackTeam "Vac"]
[WhiteTeamCountry "HUN"]
[BlackTeamCountry "HUN"]

1. e4 c5 2. Nf3 a6 3. c4 Nc6 4. d4 cxd4 5. Nxd4 e5 6. Nf5 Bb4+ 7. Nc3 g6 8. Nd6+ Kf8 9. Be2 Nd4 10. Nxc8 Rxc8 11. 0-0 Nxe2+ 12. Qxe2 Bxc3 13. bxc3 Qc7 14. Ba3+ Kg7 15. c5 Nf6 16. Rab1 d5 17. cxd6 Qxc3 18. Rb3 Qc6 19. f4 Nxe4 20. fxe5 Rhe8 21. d7 Qxd7 22. Qxe4 b5 23. Rbf3 Rc4 24. Qe3 b4 25. Bc1 Kg8 26. Rxf7 Qxf7 27. Rxf7 Kxf7 28. Qf3+ Kg7 29. Qb7+ Kh8 30. Bh6 Rg8 31. Qf7 Rc6 32. e6 1-0

[Event "HUN-chT2 Erkel 1819"]
[Site "Hungary"]
[Date "2019.04.28"]
[Round "9.4"]
[White "Gombocz, Zsolt"]
[Black "Imecs, Laszlo"]
[Result "0-1"]
[WhiteElo "2085"]
[BlackElo "2091"]
[PlyCount "66"]
[EventDate "2018.10.28"]
[EventType "team-tourn"]
[EventRounds "9"]
[EventCountry "HUN"]
[SourceTitle "EXT 2021"]
[Source "ChessBase"]
[SourceDate "2020.10.23"]
[SourceVersion "1"]
[SourceVersionDate "2020.10.23"]
[SourceQuality "1"]
[WhiteTeam "Varosgazda Akademia"]
[BlackTeam "Vac"]
[WhiteTeamCountry "HUN"]
[BlackTeamCountry "HUN"]

1. d4 Nf6 2. c4 d6 3. Nc3 c6 4. h3 Qc7 5. e4 e5 6. d5 Be7 7. Nf3 0-0 8. Be2 Nbd7 9. Be3 Re8 10. 0-0 Nf8 11. Rc1 h6 12. Nh2 Ng6 13. Ng4 Nh7 14. Qc2 Bg5 15. Bxg5 Nxg5 16. Ne3 Qe7 17. Bg4 Nh4 18. Qe2 Qf6 19. f3 h5 20. Bxh5 Bxh3 21. Bg4 Bxg4 22. Nxg4 Qd8 23. Qf2 Nhxf3+ 24. Kh1 Nd4 25. Ne3 g6 26. Ng4 Kg7 27. Qe3 Rh8+ 28. Kg1 f5 29. exf5 Nxf5 30. Qd3 Qb6+ 31. Rf2 Rh4 32. Na4 Rah8 33. Kf1 Qd4 0-1

[Event "HUN-chT2 Erkel 1819"]
[Site "Hungary"]
[Date "2019.02.24"]
[Round "6.4"]
[White "Imecs, Laszlo"]
[Black "Toth Katona, Tamas"]
[Result "1/2-1/2"]
[WhiteElo "2091"]
[BlackElo "2074"]
[PlyCount "75"]
[EventDate "2018.10.28"]
[EventType "team-tourn"]
[EventRounds "9"]
[EventCountry "HUN"]
[SourceTitle "EXT 2021"]
[Source "ChessBase"]
[SourceDate "2020.10.23"]
[SourceVersion "1"]
[SourceVersionDate "2020.10.23"]
[SourceQuality "1"]
[WhiteTeam "Vac"]
[BlackTeam "Budapest MTK II"]
[WhiteTeamCountry "HUN"]
[BlackTeamCountry "HUN"]

1. e4 e5 2. Nf3 Nc6 3. Bb5 a6 4. Bxc6 dxc6 5. d4 exd4 6. Qxd4 Qxd4 7. Nxd4 Bd7 8. Be3 0-0-0 9. Nd2 g6 10. 0-0-0 Ne7 11. f3 Bg7 12. N4b3 Be6 13. Rhe1 b6 14. Nb1 c5 15. Bg5 Rxd1+ 16. Rxd1 Nc6 17. Nc3 h6 18. Be3 Ne5 19. Nd2 Rd8 20. a3 Kb7 21. Ndb1 Rxd1+ 22. Kxd1 Kc6 23. b3 b5 24. Ne2 g5 25. h3 Ng6 26. f4 gxf4 27. Nxf4 Nxf4 28. Bxf4 a5 29. Nd2 h5 30. Ke2 a4 31. bxa4 bxa4 32. Ke3 Bb2 33. Nb1 f5 34. exf5 Bxf5 35. Kd2 c4 36. Nc3 Bxa3 37. Nxa4 Bd6 38. Bg5 1/2-1/2

[Event "HUN-chT2 Erkel 1819"]
[Site "Hungary"]
[Date "2018.11.18"]
[Round "2.4"]
[White "Pal, Geza"]
[Black "Imecs, Laszlo"]
[Result "1/2-1/2"]
[WhiteElo "2111"]
[BlackElo "2091"]
[PlyCount "54"]
[EventDate "2018.10.28"]
[EventType "team-tourn"]
[EventRounds "9"]
[EventCountry "HUN"]
[SourceTitle "EXT 2021"]
[Source "ChessBase"]
[SourceDate "2020.10.23"]
[SourceVersion "1"]
[SourceVersionDate "2020.10.23"]
[SourceQuality "1"]
[WhiteTeam "Fot"]
[BlackTeam "Vac"]
[WhiteTeamCountry "HUN"]
[BlackTeamCountry "HUN"]

1. d4 Nf6 2. c4 d6 3. Nc3 c6 4. e4 Qc7 5. Be2 e5 6. Nf3 Nbd7 7. 0-0 Be7 8. Bg5 h6 9. Bh4 g5 10. Bg3 Nh5 11. Rc1 Nxg3 12. hxg3 0-0 13. Qd2 Kg7 14. Nd1 b6 15. Ne3 Nf6 16. Qc2 Re8 17. Rfd1 Bf8 18. Bd3 Ng4 19. Nf5+ Bxf5 20. exf5 Nf6 21. Re1 exd4 22. Nxd4 Rxe1+ 23. Rxe1 Rc8 24. Qc3 Qd7 25. Nf3 Re8 26. Kf1 Rxe1+ 27. Qxe1 d5 1/2-1/2

[Event "HUN-chT2 Erkel 1112"]
[Site "Hungary"]
[Date "2012.05.06"]
[Round "10.2"]
[White "Szabo, Janos"]
[Black "Imecs, Laszlo"]
[Result "1/2-1/2"]
[WhiteElo "2178"]
[BlackElo "2114"]
[PlyCount "26"]
[EventDate "2011.09.25"]
[EventType "team-tourn"]
[EventRounds "11"]
[EventCountry "HUN"]
[SourceTitle "EXT 2013"]
[Source "ChessBase"]
[SourceDate "2012.11.22"]
[SourceVersion "1"]
[SourceVersionDate "2012.11.22"]
[SourceQuality "1"]
[WhiteTeam "MAFC"]
[BlackTeam "Vaci"]
[WhiteTeamCountry "HUN"]
[BlackTeamCountry "HUN"]

1. e4 d6 2. d4 Nf6 3. Nc3 c6 4. Bg5 Nbd7 5. f4 Qa5 6. Qd2 h6 7. Bh4 e5 8. Nf3 exf4 9. Qxf4 d5 10. Bd3 dxe4 11. Bxe4 Bb4 12. 0-0 0-0 13. Nd1 Nxe4 1/2-1/2

[Event "HUN-chT2 Erkel 1112"]
[Site "Hungary"]
[Date "2012.03.12"]
[Round "7.3"]
[White "Muhari, Istvan"]
[Black "Imecs, Laszlo"]
[Result "1/2-1/2"]
[WhiteElo "2247"]
[BlackElo "2114"]
[PlyCount "120"]
[EventDate "2011.09.25"]
[EventType "team-tourn"]
[EventRounds "11"]
[EventCountry "HUN"]
[SourceTitle "EXT 2013"]
[Source "ChessBase"]
[SourceDate "2012.11.22"]
[SourceVersion "1"]
[SourceVersionDate "2012.11.22"]
[SourceQuality "1"]
[WhiteTeam "Ujszasz"]
[BlackTeam "Vaci"]
[WhiteTeamCountry "HUN"]
[BlackTeamCountry "HUN"]

1. e4 e6 2. e5 d6 3. exd6 Bxd6 4. d4 Nf6 5. Nf3 0-0 6. Bd3 Nc6 7. 0-0 e5 8. dxe5 Nxe5 9. Nxe5 Bxe5 10. h3 Bd7 11. Nd2 Bc6 12. Nf3 Qd5 13. Bxh7+ Kxh7 14. Qxd5 Bh2+ 15. Kxh2 Bxd5 16. Ng5+ Kg8 17. Be3 Bc6 18. c4 a5 19. Rfe1 Rfd8 20. b3 Rd7 21. Rad1 Rad8 22. Rxd7 Rxd7 23. Bf4 Kf8 24. a3 b6 25. b4 axb4 26. axb4 b5 27. Rc1 Ne8 28. cxb5 Bxb5 29. Nf3 f6 30. Be3 Rd5 31. Bc5+ Kf7 32. Re1 Nd6 33. Nd4 Bd7 34. Nf3 Bf5 35. Ra1 Ne8 36. Nd4 Bd7 37. f4 g5 38. fxg5 fxg5 39. Re1 Nd6 40. Nf3 Be6 41. Be3 Ne4 42. Rc1 g4 43. Rxc7+ Kf6 44. hxg4 Bxg4 45. Rc6+ Kf7 46. Nd4 Bd7 47. Rc7 Kg6 48. Nf3 Nf6 49. Rc5 Ng4+ 50. Kg3 Nxe3 51. Rxd5 Nxd5 52. Ne5+ Kf5 53. Nxd7 Nxb4 54. Kf3 Nc6 55. g3 Nd4+ 56. Ke3 Kg4 57. Kf2 Nf5 58. Ne5+ Kg5 59. g4 Nh6 60. Kg3 Nxg4 1/2-1/2

[Event "HUN-chT2 Erkel 1112"]
[Site "Hungary"]
[Date "2011.11.13"]
[Round "3.3"]
[White "Imecs, Laszlo"]
[Black "Repasi, Zoltan"]
[Result "1/2-1/2"]
[WhiteElo "2114"]
[BlackElo "2192"]
[PlyCount "24"]
[EventDate "2011.09.25"]
[EventType "team-tourn"]
[EventRounds "11"]
[EventCountry "HUN"]
[SourceTitle "EXT 2013"]
[Source "ChessBase"]
[SourceDate "2012.11.22"]
[SourceVersion "1"]
[SourceVersionDate "2012.11.22"]
[SourceQuality "1"]
[WhiteTeam "Vaci"]
[BlackTeam "Dunaharaszti"]
[WhiteTeamCountry "HUN"]
[BlackTeamCountry "HUN"]

1. e4 e6 2. d4 d5 3. exd5 exd5 4. Bd3 Bd6 5. Nc3 c6 6. Nf3 Qe7+ 7. Qe2 Qxe2+ 8. Nxe2 Bg4 9. Ne5 Bxe2 10. Bxe2 Nf6 11. 0-0 Nbd7 12. Nxd7 Kxd7 1/2-1/2

[Event "HUN-chT2 Erkel 1112"]
[Site "Hungary"]
[Date "2011.10.30"]
[Round "2.3"]
[White "Koronghy, Gyula"]
[Black "Imecs, Laszlo"]
[Result "1/2-1/2"]
[WhiteElo "2168"]
[BlackElo "2114"]
[PlyCount "27"]
[EventDate "2011.09.25"]
[EventType "team-tourn"]
[EventRounds "11"]
[EventCountry "HUN"]
[SourceTitle "EXT 2013"]
[Source "ChessBase"]
[SourceDate "2012.11.22"]
[SourceVersion "1"]
[SourceVersionDate "2012.11.22"]
[SourceQuality "1"]
[WhiteTeam "Foti"]
[BlackTeam "Vaci"]
[WhiteTeamCountry "HUN"]
[BlackTeamCountry "HUN"]

1. e4 d6 2. d4 Nf6 3. Nc3 c6 4. g3 Qc7 5. Bg2 e5 6. Nge2 Be7 7. 0-0 0-0 8. h3 b5 9. a3 a5 10. Be3 Ba6 11. b4 Nbd7 12. f4 Rad8 13. Qe1 Nb6 14. dxe5 1/2-1/2

[Event "HUN-chT2 Erkel 1011"]
[Site "Hungary"]
[Date "2011.05.01"]
[Round "10.5"]
[White "Imecs, Laszlo"]
[Black "Halak, Miklos"]
[Result "1/2-1/2"]
[WhiteElo "2154"]
[BlackElo "2109"]
[PlyCount "68"]
[EventDate "2010.09.12"]
[EventType "team-tourn"]
[EventRounds "11"]
[EventCountry "HUN"]
[SourceTitle "EXT 2012"]
[Source "ChessBase"]
[SourceDate "2011.11.24"]
[SourceVersion "1"]
[SourceVersionDate "2011.11.24"]
[SourceQuality "1"]
[WhiteTeam "Dunaharaszti II"]
[BlackTeam "Foti"]
[WhiteTeamCountry "HUN"]
[BlackTeamCountry "HUN"]

1. e4 e5 2. Nf3 Nc6 3. Bb5 a6 4. Bxc6 dxc6 5. d4 exd4 6. Qxd4 Bg4 7. Qxd8+ Rxd8 8. Be3 Nf6 9. Nbd2 Bb4 10. c3 Be7 11. Nd4 0-0 12. f3 Bd7 13. Kf2 c5 14. Ne2 Bc6 15. Rad1 Nd7 16. Bf4 Rc8 17. g4 Bh4+ 18. Kg2 h6 19. Ng3 Bf6 20. Nf5 Rfe8 21. h4 Be5 22. Be3 b6 23. Nc4 Nf6 24. Nxe5 Rxe5 25. Ng3 Kh7 26. g5 Ng8 27. Bf4 Re6 28. Rd2 c4 29. Rd4 b5 30. Rhd1 Ne7 31. h5 hxg5 32. Bxg5 f6 33. Bf4 Ng8 34. Rd8 Re8 1/2-1/2

[Event "HUN-chT2 Erkel 0910"]
[Site "Hungary"]
[Date "2010.03.21"]
[Round "8.5"]
[White "Imecs, Laszlo"]
[Black "Csapo, Zoltan"]
[Result "1-0"]
[WhiteElo "2175"]
[BlackElo "2135"]
[PlyCount "103"]
[EventDate "2009.11.08"]
[EventType "team-tourn"]
[EventRounds "11"]
[EventCountry "HUN"]
[SourceTitle "EXT 2011"]
[Source "ChessBase"]
[SourceDate "2010.11.26"]
[SourceVersion "1"]
[SourceVersionDate "2010.11.26"]
[SourceQuality "1"]
[WhiteTeam "Dunaharaszti"]
[BlackTeam "Vizugy"]
[WhiteTeamCountry "HUN"]
[BlackTeamCountry "HUN"]

1. e4 e5 2. Nf3 Nc6 3. Bb5 Nge7 4. 0-0 Ng6 5. d4 exd4 6. Nxd4 Bc5 7. Be3 Bxd4 8. Bxd4 Qg5 9. Bxc6 bxc6 10. Be3 Qh4 11. f4 d6 12. Nd2 0-0 13. g3 Qh3 14. Qf3 c5 15. Rae1 Bb7 16. f5 Ne5 17. Qg2 Qxg2+ 18. Kxg2 f6 19. Bf4 Rfe8 20. Rf2 Re7 21. Bxe5 Rxe5 22. g4 Rae8 23. Rfe2 d5 24. Kf3 g6 25. exd5 Bxd5+ 26. Kf2 gxf5 27. Rxe5 fxe5 28. gxf5 Kf7 29. Ne4 c4 30. Re3 Rb8 31. b3 cxb3 32. axb3 Rb4 33. Nc3 Rf4+ 34. Ke2 Bb7 35. Rxe5 Rh4 36. Ra5 Rxh2+ 37. Kd3 a6 38. Rc5 c6 39. Ne4 Rh3+ 40. Kd4 Ke7 41. Ke5 Re3 42. f6+ Kf8 43. Kf4 Re1 44. Nd6 Ba8 45. c4 Rf1+ 46. Ke5 Re1+ 47. Kf5 Rf1+ 48. Ke6 Re1+ 49. Kd7 Rf1 50. f7 Kg7 51. Rg5+ Kh6 52. Rg8 1-0

[Event "HUN-chT2 Erkel 0910"]
[Site "Hungary"]
[Date "2009.11.22"]
[Round "2.5"]
[White "Imecs, Laszlo"]
[Black "Kovacs, Klara"]
[Result "0-1"]
[WhiteElo "2175"]
[BlackElo "2151"]
[PlyCount "83"]
[EventDate "2009.11.08"]
[EventType "team-tourn"]
[EventRounds "11"]
[EventCountry "HUN"]
[SourceTitle "EXT 2011"]
[Source "ChessBase"]
[SourceDate "2010.11.26"]
[SourceVersion "1"]
[SourceVersionDate "2010.11.26"]
[SourceQuality "1"]
[WhiteTeam "Dunaharaszti"]
[BlackTeam "Budapest MTK"]
[WhiteTeamCountry "HUN"]
[BlackTeamCountry "HUN"]

1. e4 c5 2. Nf3 e6 3. d4 cxd4 4. Nxd4 Nf6 5. Nc3 Qb6 6. Nb3 Nc6 7. Be3 Qc7 8. a3 a6 9. f4 d6 10. Be2 Be7 11. 0-0 0-0 12. Bf3 b5 13. Qe2 Bb7 14. Rfd1 Rfd8 15. Qf2 Nd7 16. Rd2 Na5 17. Nxa5 Qxa5 18. Rad1 b4 19. Nb1 Nc5 20. axb4 Qxb4 21. c3 Qb3 22. Bxc5 dxc5 23. Rxd8+ Rxd8 24. Rxd8+ Bxd8 25. Qd2 Bb6 26. Qd7 c4+ 27. Kh1 g6 28. Qd2 Bc5 29. h3 Qb6 30. Qe2 Be3 31. g3 Bc1 32. Na3 Qxb2 33. Nxc4 Qxc3 34. Kg2 a5 35. Qa2 Qd3 36. Ne5 Qd2+ 37. Qxd2 Bxd2 38. Nc4 Bb4 39. Nb2 Bc6 40. e5 a4 41. Nd3 Bxf3+ 42. Kxf3 0-1

[Event "HUN-chT2 Breyer 0809"]
[Site "Hungary"]
[Date "2009.02.22"]
[Round "8"]
[White "Imecs, Laszlo"]
[Black "Toth, Tamas"]
[Result "1-0"]
[WhiteElo "2205"]
[BlackElo "2009"]
[PlyCount "77"]
[EventDate "2008.10.26"]
[EventType "tourn"]
[EventRounds "11"]
[EventCountry "HUN"]
[SourceTitle "EXT 2010"]
[Source "ChessBase"]
[SourceDate "2010.11.25"]
[SourceVersion "1"]
[SourceVersionDate "2010.11.25"]
[SourceQuality "1"]
[WhiteTeam "Dunaharaszti II"]
[BlackTeam "Turul"]
[WhiteTeamCountry "HUN"]
[BlackTeamCountry "HUN"]

1. e4 e6 2. d4 d5 3. exd5 exd5 4. Bd3 Bd6 5. Nc3 c6 6. h3 Qf6 7. Nf3 h6 8. 0-0 Ne7 9. Ne5 Bxe5 10. dxe5 Qxe5 11. Re1 Qf6 12. Ne2 0-0 13. Nf4 Ng6 14. Nh5 Qd6 15. b3 Nd7 16. Bb2 Nge5 17. Bf1 f6 18. c4 g6 19. Ng3 Kg7 20. a4 Rd8 21. Qd2 Nf8 22. Rad1 Nf7 23. c5 Qc7 24. Bxf6+ Kxf6 25. Qd4+ Ne5 26. f4 Ne6 27. fxe5+ Kg7 28. Qc3 Rf8 29. Bd3 b6 30. cxb6 Qxb6+ 31. Kh2 Bb7 32. Bxg6 Kxg6 33. Qd3+ Kf7 34. Rf1+ Ke8 35. Qg6+ Ke7 36. Nf5+ Rxf5 37. Rxf5 Rf8 38. Rxf8 Nxf8 39. Qd6+ 1-0

[Event "HUN-chT2 Erkel 0708"]
[Site "Hungary"]
[Date "2007.12.09"]
[Round "4"]
[White "Imecs, Laszlo"]
[Black "Rinyu, Janos"]
[Result "1/2-1/2"]
[WhiteElo "2223"]
[BlackElo "2124"]
[PlyCount "23"]
[EventDate "2007.10.14"]
[EventType "team-tourn"]
[EventRounds "11"]
[EventCountry "HUN"]
[SourceTitle "EXT 2009"]
[Source "ChessBase"]
[SourceDate "2008.11.26"]
[SourceVersion "1"]
[SourceVersionDate "2008.11.26"]
[SourceQuality "1"]
[WhiteTeam "Dunaharaszti II"]
[BlackTeam "Godi"]
[WhiteTeamCountry "HUN"]
[BlackTeamCountry "HUN"]

1. e4 c5 2. Nf3 Nc6 3. d4 cxd4 4. Nxd4 g6 5. Nc3 Bg7 6. Be3 Nf6 7. Be2 0-0 8. Qd2 d5 9. exd5 Nxd5 10. Nxd5 Nxd4 11. Bxd4 Qxd5 12. Bxg7 1/2-1/2

[Event "HUN-chT2 Erkel 0708"]
[Site "Hungary"]
[Date "2007.10.14"]
[Round "1"]
[White "Paal, Attila"]
[Black "Imecs, Laszlo"]
[Result "1-0"]
[WhiteElo "2192"]
[BlackElo "2223"]
[PlyCount "87"]
[EventDate "2007.10.14"]
[EventType "team-tourn"]
[EventRounds "11"]
[EventCountry "HUN"]
[SourceTitle "EXT 2009"]
[Source "ChessBase"]
[SourceDate "2008.11.26"]
[SourceVersion "1"]
[SourceVersionDate "2008.11.26"]
[SourceQuality "1"]
[WhiteTeam "HMO"]
[BlackTeam "Dunaharaszti II"]
[WhiteTeamCountry "HUN"]
[BlackTeamCountry "HUN"]

1. Nc3 Nf6 2. e4 d6 3. d4 c6 4. Be3 Qa5 5. f3 b5 6. a3 a6 7. Nge2 e5 8. Qd2 Be7 9. g4 Nbd7 10. g5 Nh5 11. Ng3 Nxg3 12. hxg3 exd4 13. Bxd4 Ne5 14. Be2 c5 15. Bxe5 dxe5 16. Qd5 Ra7 17. Qxe5 0-0 18. Kf2 Qb6 19. Nd5 Qe6 20. Qxe6 fxe6 21. Nxe7+ Rxe7 22. Rad1 Bb7 23. Ke3 g6 24. Rd6 Kg7 25. Rhd1 Rc8 26. f4 c4 27. Bg4 Rce8 28. Rd7 Bc8 29. Rxe7+ Rxe7 30. Rd6 Kf7 31. e5 Rc7 32. c3 Ke7 33. Bf3 Rd7 34. Rxd7+ Kxd7 35. Kd4 Kc7 36. Kc5 Bd7 37. Be4 Be8 38. g4 Bd7 39. Bh1 Be8 40. Bg2 Bd7 41. Be4 Be8 42. f5 Bf7 43. f6 Be8 44. Bh1 1-0

[Event "HUN-chT2 Erkel 0506"]
[Site "Hungary"]
[Date "2005.12.04"]
[Round "5"]
[White "Imecs, Laszlo"]
[Black "Papp Zoltan, Csaba"]
[Result "1/2-1/2"]
[WhiteElo "2229"]
[BlackElo "2282"]
[PlyCount "134"]
[EventDate "2005.10.16"]
[EventType "team-tourn"]
[EventRounds "11"]
[EventCountry "HUN"]
[SourceTitle "EXT 2009"]
[Source "ChessBase"]
[SourceDate "2008.11.26"]
[SourceVersion "1"]
[SourceVersionDate "2008.11.26"]
[SourceQuality "1"]
[WhiteTeam "Dunaharaszti II"]
[BlackTeam "Fuzesabony"]
[WhiteTeamCountry "HUN"]
[BlackTeamCountry "HUN"]

1. e4 e5 2. Nf3 Nc6 3. Bb5 Bc5 4. c3 Qf6 5. d3 h6 6. 0-0 Nge7 7. Nbd2 a6 8. Ba4 b5 9. Bc2 d6 10. Nb3 Bb6 11. Be3 Ng6 12. h3 Nf4 13. Bxf4 Qxf4 14. d4 Ne7 15. Nc1 Ng6 16. g3 Qf6 17. Kg2 0-0 18. Qd3 Bb7 19. Ne2 Rae8 20. d5 Ne7 21. Nd2 g6 22. a4 c6 23. dxc6 Bxc6 24. axb5 axb5 25. Ra6 Rb8 26. f4 Qe6 27. Kh2 Qc8 28. Rxb6 Rxb6 29. fxe5 dxe5 30. Qe3 Qc7 31. Qxh6 Bd7 32. Nf3 Qc4 33. Rf2 f6 34. Nxe5 Qxe2 35. Rxe2 fxe5 36. Qg5 Nc8 37. Qxe5 Be6 38. Rd2 Bf7 39. Qc5 Re8 40. Rd7 Rf6 41. Rc7 Nb6 42. e5 Rfe6 43. Bb3 Nc4 44. Qxb5 Rxe5 45. Bxc4 Rxb5 46. Bxb5 Rd8 47. b4 Rd2+ 48. Kg1 Kf8 49. Rd7 Rc2 50. Rd3 Be6 51. g4 Ke7 52. Kf1 Kf6 53. Re3 Bg8 54. Be2 Kg5 55. c4 Kh4 56. Ke1 g5 57. b5 Bxc4 58. Bxc4 Rxc4 59. Rb3 Rc1+ 60. Kd2 Rc2+ 61. Kd3 Rd2+ 62. Kc3 Rc2+ 63. Kb4 Rc4+ 64. Ka3 Ra4+ 65. Kb2 Ra2+ 66. Kc1 Rc2+ 67. Kb1 Rc1+ 1/2-1/2

[Event "HUN-chT2 Maroczy 0405"]
[Site "Hungary"]
[Date "2005.02.20"]
[Round "8"]
[White "Imecs, Laszlo"]
[Black "Virag, Ferenc"]
[Result "1/2-1/2"]
[WhiteElo "2206"]
[BlackElo "2226"]
[PlyCount "99"]
[EventDate "2004.09.26"]
[EventType "team-tourn"]
[EventRounds "11"]
[EventCountry "HUN"]
[SourceTitle "EXT 2008"]
[Source "ChessBase"]
[SourceDate "2007.11.25"]
[SourceVersion "1"]
[SourceVersionDate "2007.11.25"]
[SourceQuality "1"]
[WhiteTeam "Dunaharaszti"]
[BlackTeam "Penzugyor"]
[WhiteTeamCountry "HUN"]
[BlackTeamCountry "HUN"]

1. e4 c5 2. Nf3 d6 3. d4 cxd4 4. Nxd4 Nf6 5. Nc3 a6 6. Be2 e5 7. Nb3 Be6 8. 0-0 Nbd7 9. Be3 Be7 10. f3 Rc8 11. Qd2 Qc7 12. Rfd1 b5 13. a3 Nb6 14. Qe1 d5 15. exd5 Nbxd5 16. Bd2 Nxc3 17. Bxc3 Nd5 18. Bxe5 Qxc2 19. Nd4 Qg6 20. Bd3 Qg5 21. Nxe6 fxe6 22. f4 Qh6 23. Rac1 0-0 24. Rxc8 Rxc8 25. Rc1 Rxc1 26. Qxc1 Qh5 27. h3 Qe8 28. Qc2 h6 29. Bh7+ Kh8 30. Bg6 Qd7 31. Kh2 Bd8 32. Qc5 Be7 33. Qd4 Bf6 34. Bxf6 gxf6 35. Be4 Qd6 36. Bxd5 exd5 37. g4 Kg8 38. Kg3 Kf7 39. b4 Qc6 40. Qc5 Qxc5 41. bxc5 a5 42. c6 Ke7 43. h4 b4 44. axb4 axb4 45. g5 hxg5 46. fxg5 fxg5 47. hxg5 b3 48. c7 Kd7 49. c8Q+ Kxc8 50. g6 1/2-1/2

[Event "HUN-chT2 Erkel 0304"]
[Site "Hungary"]
[Date "2004.04.18"]
[Round "11"]
[White "Nagyajtai, Gabor"]
[Black "Imecs, Laszlo"]
[Result "0-1"]
[WhiteElo "2238"]
[BlackElo "2177"]
[PlyCount "76"]
[EventDate "2003.09.28"]
[EventType "team-tourn"]
[EventRounds "11"]
[EventCountry "HUN"]
[SourceTitle "EXT 2009"]
[Source "ChessBase"]
[SourceDate "2008.11.26"]
[SourceVersion "1"]
[SourceVersionDate "2008.11.26"]
[SourceQuality "1"]
[WhiteTeam "Godollo"]
[BlackTeam "Dunaharaszti II"]
[WhiteTeamCountry "HUN"]
[BlackTeamCountry "HUN"]

1. d4 d6 2. c4 Nf6 3. Nc3 c6 4. Bg5 Nbd7 5. Nf3 h6 6. Bxf6 Nxf6 7. e4 Qa5 8. Qd2 e5 9. 0-0-0 Be7 10. Kb1 a6 11. Be2 Bd7 12. h3 Rd8 13. g4 b5 14. Nxb5 Qxd2 15. Nc7+ Kf8 16. Nxd2 Bc8 17. c5 exd4 18. cxd6 Bxd6 19. Nxa6 Be7 20. Bd3 Bb7 21. Rc1 Nd7 22. Nb3 h5 23. a3 Bg5 24. Rcd1 Ne5 25. Nac5 Bc8 26. h4 Bf4 27. Be2 Nxg4 28. Bxg4 Bxg4 29. Rxd4 Ke7 30. f3 Bc8 31. Rhd1 Be5 32. Rxd8 Rxd8 33. Rxd8 Kxd8 34. Nd3 Bf6 35. Na5 Kc7 36. Nf4 g6 37. Nc4 Ba6 38. Ne3 Bxh4 0-1

[Event "HUN-chT2 Maroczy 0304"]
[Site "Hungary"]
[Date "2003.11.30"]
[Round "4"]
[White "Kalyinka, Roland"]
[Black "Imecs, Laszlo"]
[Result "0-1"]
[WhiteElo "2021"]
[BlackElo "2177"]
[PlyCount "114"]
[EventDate "2003.09.28"]
[EventType "team-tourn"]
[EventRounds "11"]
[EventCountry "HUN"]
[SourceTitle "EXT 2005"]
[Source "ChessBase"]
[SourceDate "2004.11.15"]
[SourceVersion "1"]
[SourceVersionDate "2004.11.15"]
[SourceQuality "1"]

1. e4 e5 2. Nf3 d6 3. d4 Nd7 4. Bc4 h6 5. dxe5 Qe7 6. e6 fxe6 7. Nd4 Ne5 8. Bb5+ c6 9. Be2 Nf6 10. Nc3 Bd7 11. f4 Nf7 12. 0-0 g6 13. Bc4 b5 14. Bd3 e5 15. fxe5 Nxe5 16. Bf4 Bg7 17. Ndxb5 cxb5 18. Nxb5 Bg4 19. Be2 Rd8 20. Bxg4 Nfxg4 21. h3 Nf6 22. Be3 a6 23. Nd4 0-0 24. Bf4 Nh5 25. Be3 Ng3 26. Re1 Qf6 27. Kh2 Nxe4 28. Bxh6 Bxh6 29. Rxe4 d5 30. Re1 Qd6 31. Kh1 Rf2 32. Re2 Rdf8 33. Rxf2 Rxf2 34. Qe1 Rf4 35. c3 Re4 36. Qg3 Bf4 37. Qf2 Nd3 38. Qf1 Nxb2 39. Rb1 Qe7 40. Nf3 Nc4 41. Qd1 Ne3 42. Qe2 Qd6 43. Qb2 Nf5 44. Qb7 Re7 45. Qb3 Ng3+ 46. Kh2 Ne4+ 47. Kg1 Be3+ 48. Kf1 Ng3+ 49. Ke1 Kg7 50. Kd1 d4 51. cxd4 Nf5 52. d5 Bc5 53. Qc3+ Kh7 54. Qb3 Ne3+ 55. Kc1 Ba3+ 56. Kd2 Nxd5 57. Qa4 Nb4+ 0-1

[Event "HUN-chT2 Erkel 0304"]
[Site "Hungary"]
[Date "2003.11.16"]
[Round "3"]
[White "Meszaros, Andras"]
[Black "Imecs, Laszlo"]
[Result "1-0"]
[WhiteElo "2325"]
[BlackElo "2177"]
[PlyCount "59"]
[EventDate "2003.09.28"]
[EventType "team-tourn"]
[EventRounds "11"]
[EventCountry "HUN"]
[SourceTitle "EXT 2009"]
[Source "ChessBase"]
[SourceDate "2008.11.26"]
[SourceVersion "1"]
[SourceVersionDate "2008.11.26"]
[SourceQuality "1"]
[WhiteTeam "Fuzesabony"]
[BlackTeam "Dunaharaszti II"]
[WhiteTeamCountry "HUN"]
[BlackTeamCountry "HUN"]

1. e4 d6 2. Nc3 Nf6 3. f4 c6 4. Nf3 Nbd7 5. e5 dxe5 6. fxe5 Ng4 7. d4 Nb6 8. h3 Nh6 9. Bxh6 gxh6 10. Bd3 Be6 11. Qe2 Nd5 12. Ne4 Rg8 13. g4 h5 14. g5 Nf4 15. Qd2 Nxh3 16. Bf1 Bf5 17. Nc5 Qc8 18. d5 h6 19. gxh6 a6 20. d6 Rg3 21. d7+ Bxd7 22. h7 Bg7 23. Nxd7 Rxf3 24. Bxh3 Rxh3 25. Rxh3 Qxd7 26. Qxd7+ Kxd7 27. 0-0-0+ Ke6 28. Rg1 Bh6+ 29. Kb1 Rh8 30. Rxh5 1-0